| 000 | 00794nam a2200253 i 4500 | ||
|---|---|---|---|
| 001 | 8642 | ||
| 003 | ES-MaACL | ||
| 005 | 20230906145513.0 | ||
| 007 | t| | ||
| 008 | 920818s1989 sp ||||1| spa d | ||
| 020 | _a84-7483-931-3 | ||
| 080 | _a83-28"19" | ||
| 080 | _a83(Koltès,B-M.7 C.03=6) | ||
| 100 | 1 |
_aKoltès, Bernard-Marie. _968533 |
|
| 245 | 1 | 0 |
_aCombate de negro y de perros / _cBernard-Marie Koltès ; [traducción: Angeles Muñoz]. |
| 260 |
_aMadrid : _bEl Público, Centro de Documentación Teatral, _c1989. |
||
| 300 |
_a140 p. ; _c22 cm. |
||
| 490 | 1 |
_aTeatro ; _v3 |
|
| 700 | 1 |
_aMuñoz, Angeles. _984290 |
|
| 710 | 2 |
_aCentro de Documentación Teatral (España) _92605 |
|
| 830 | 0 |
_aTeatro ; _v3 _9178026 |
|
| 852 |
_aES-MaACL _jL-16079 _bR.117129 |
||
| 999 |
_c8642 _d8642 |
||